01392cam a2200253 a 4500001000500000005001700005020004500022020004100067020001800108040001800126050002300144082001500167100002000182245003300202260005200235300005000287490005200337505000600389505025700395520041100652521002101063521001801084650003601102135320240731150332.0 a9781426302855 (trade paper : alk. paper) a9781426302879 (library : alk. paper) a9780545112765 aDLCcDLCdDLC00aQE521.3b.S34 200800a551.212221 aSchreiber, Anne10aVolcanoes! /cAnne Schreiber aWashington, D.C. :bNational Geographic,c2008. a31 pages :bcolor illustrations, map ;c23 cm0 aNational geographic kids science readers series0 aM0 aMountains of fire -- Hot rocks -- Shaky plates -- An island is born -- The ring of fire -- Meet a volcano...or three -- The true story of Crater Lake -- Volcanoes rock -- Volcanic record breakers -- Hot spots -- Exploding ending -- Picture glossary. aThe cool story of volcanoes will intrigue kids and adults alike. Hot melted rock from the middle of our planet forces its way up through cracks in the Earth’s crusts, exploding violently and sometimes unexpectedly in volcanic fury that can terrorize populations for months, even years. Anne Schreiber’s narrative gives readers a little of the science, a little of the history, and a lot of the action.  a710 bLexile NC aM bRaz-Plus 0aVolcanoesvJuvenile literature.